中国县级行政区(市辖区合并-点位地图版) - Statistics

General Stats
  • This quiz has been taken 9 times
    8 since last reset
  • The average score is 305 of 2189
Answers on the Map
Answers color-coded by a green-red scale on the quiz's map according to % correct below.
 
Answer Stats
省级行政区 城市 % Correct
直辖市 上海市
83%
直辖市 重庆市
67%
广东省 广州市
67%
广东省 深圳市
67%
湖北省 武汉市
67%
广东省 佛山市
67%
直辖市 北京市
50%
四川省 成都市
50%
直辖市 天津市
50%
江苏省 苏州市
50%
广西壮族自治区 南宁市
50%
广东省 汕头市
50%
广东省 茂名市
50%
广西壮族自治区 柳州市
50%
台湾省 桃园市
50%
广东省 珠海市
50%
广东省 江门市
50%
江苏省 昆山市
50%
广东省 湛江市
50%
广东省 肇庆市
50%
江苏省 张家港市
50%
四川省 简阳市
50%
广东省 韶关市
50%
湖南省 郴州市
50%
广西壮族自治区 北海市
50%
江苏省 丰县
50%
广东省 五华县
50%
江苏省 太仓市
50%
广东省 开平市
50%
四川省 都江堰市
50%
广西壮族自治区 防城港市
50%
湖南省 南县
50%
湖南省 宜章县
50%
河北省 威县
50%
广东省 丰顺县
50%
河北省 青县
50%
四川省 高县
50%
湖南省 嘉禾县
50%
广东省 大埔县
50%
湖南省 资兴市
50%
甘肃省 成县
50%
甘肃省 文县
50%
广东省 蕉岭县
50%
四川省 茂县
50%
浙江省 杭州市
33%
广东省 东莞市
33%
湖南省 长沙市
33%
云南省 昆明市
33%
福建省 厦门市
33%
安徽省 合肥市
33%
贵州省 贵阳市
33%
广东省 中山市
33%
福建省 福州市
33%
广东省 惠州市
33%
台湾省 台中市
33%
海南省 海口市
33%
台湾省 高雄市
33%
台湾省 台北市
33%
贵州省 遵义市
33%
湖北省 襄阳市
33%
四川省 绵阳市
33%
四川省 宜宾市
33%
安徽省 阜阳市
33%
广东省 普宁市
33%
四川省 南充市
33%
台湾省 台南市
33%
广东省 揭阳市
33%
四川省 达州市
33%
广东省 清远市
33%
湖南省 株洲市
33%
广西壮族自治区 桂林市
33%
广西壮族自治区 贵港市
33%
江苏省 常熟市
33%
四川省 泸州市
33%
云南省 曲靖市
33%
湖北省 宜昌市
33%
安徽省 亳州市
33%
广西壮族自治区 桂平市
33%
江西省 抚州市
33%
湖南省 常德市
33%
湖北省 十堰市
33%
贵州省 六盘水市
33%
广西壮族自治区 钦州市
33%
广西壮族自治区 博白县
33%
湖南省 长沙县
33%
广东省 廉江市
33%
湖南省 衡阳市
33%
云南省 镇雄县
33%
湖南省 岳阳市
33%
广东省 高州市
33%
广东省 雷州市
33%
贵州省 毕节市
33%
四川省 自贡市
33%
广东省 阳江市
33%
广东省 化州市
33%
江苏省 宜兴市
33%
贵州省 威宁彝族回族苗族自治县
33%
湖北省 仙桃市
33%
四川省 遂宁市
33%
湖南省 宁乡市
33%
湖南省 益阳市
33%
四川省 乐山市
33%
广东省 陆丰市
33%
四川省 眉山市
33%
广西壮族自治区 玉林市
33%
广西壮族自治区 灵山县
33%
广西壮族自治区 北流市
33%
广东省 博罗县
33%
安徽省 颍上县
33%
湖南省 新化县
33%
云南省 宣威市
33%
四川省 内江市
33%
湖北省 天门市
33%
湖南省 永州市
33%
湖南省 耒阳市
33%
湖北省 监利市
33%
四川省 仁寿县
33%
广西壮族自治区 平南县
33%
安徽省 蒙城县
33%
江苏省 睢宁县
33%
湖北省 鄂州市
33%
贵州省 盘州市
33%
湖北省 荆州市
33%
四川省 巴中市
33%
广西壮族自治区 贺州市
33%
广东省 惠来县
33%
湖南省 邵东市
33%
四川省 德阳市
33%
海南省 三亚市
33%
福建省 惠安县
33%
广东省 惠东县
33%
广东省 信宜市
33%
湖南省 隆回县
33%
贵州省 兴义市
33%
广东省 梅州市
33%
江苏省 丹阳市
33%
湖北省 孝感市
33%
四川省 广安市
33%
四川省 三台县
33%
四川省 西昌市
33%
海南省 儋州市
33%
四川省 宣汉县
33%
四川省 中江县
33%
广东省 英德市
33%
广东省 罗定市
33%
重庆市 云阳县
33%
广西壮族自治区 来宾市
33%
广西壮族自治区 河池市
33%
四川省 渠县
33%
云南省 昭通市
33%
广东省 台山市
33%
广东省 吴川市
33%
湖北省 汉川市
33%
云南省 保山市
33%
湖北省 阳新县
33%
湖北省 麻城市
33%
湖北省 枣阳市
33%
湖南省 衡阳县
33%
湖北省 潜江市
33%
湖南省 醴陵市
33%
四川省 广元市
33%
广东省 阳春市
33%
湖北省 大冶市
33%
湖北省 钟祥市
33%
四川省 资阳市
33%
广西壮族自治区 合浦县
33%
广西壮族自治区 梧州市
33%
贵州省 大方县
33%
四川省 资中县
33%
云南省 玉溪市
33%
四川省 大竹县
33%
湖北省 恩施市
33%
广东省 遂溪县
33%
广东省 饶平县
33%
四川省 南部县
33%
贵州省 织金县
33%
湖南省 桃源县
33%
四川省 攀枝花市
33%
广东省 怀集县
33%
广西壮族自治区 陆川县
33%
广东省 海丰县
33%
湖南省 邵阳市
33%
广西壮族自治区 宾阳县
33%
四川省 金堂县
33%
广西壮族自治区 藤县
33%
湖北省 蕲春县
33%
湖南省 常宁市
33%
湖北省 黄梅县
33%
湖北省 荆门市
33%
湖南省 安化县
33%
四川省 彭州市
33%
广东省 兴宁市
33%
云南省 广南县
33%
云南省 大理市
33%
四川省 泸县
33%
安徽省 泗县
33%
湖南省 溆浦县
33%
湖南省 邵阳县
33%
湖北省 利川市
33%
湖北省 公安县
33%
重庆市 奉节县
33%
四川省 岳池县
33%
四川省 崇州市
33%
四川省 射洪市
33%
贵州省 黔西市
33%
四川省 江油市
33%
湖南省 湘乡市
33%
四川省 仪陇县
33%
河南省 睢县
33%
四川省 富顺县
33%
湖南省 澧县
33%
重庆市 忠县
33%
贵州省 纳雍县
33%
江西省 兴国县
33%
湖北省 广水市
33%
湖南省 桂阳县
33%
贵州省 凯里市
33%
四川省 邻水县
33%
湖南省 汉寿县
33%
广东省 河源市
33%
湖北省 随州市
33%
湖北省 洪湖市
33%
湖北省 黄石市
33%
四川省 合江县
33%
湖南省 桃江县
33%
广西壮族自治区 浦北县
33%
湖北省 武穴市
33%
湖南省 洞口县
33%
广东省 揭西县
33%
江西省 信丰县
33%
河南省 息县
33%
四川省 平昌县
33%
湖北省 咸宁市
33%
贵州省 仁怀市
33%
广西壮族自治区 容县
33%
湖北省 松滋市
33%
四川省 古蔺县
33%
重庆市 垫江县
33%
贵州省 赫章县
33%
广东省 云浮市
33%
云南省 景洪市
33%
云南省 腾冲市
33%
广东省 四会市
33%
湖南省 武冈市
33%
湖北省 随县
33%
广东省 徐闻县
33%
湖南省 汨罗市
33%
云南省 楚雄市
33%
贵州省 清镇市
33%
四川省 广汉市
33%
河北省 沧县
33%
云南省 文山市
33%
四川省 雅安市
33%
四川省 阆中市
33%
湖南省 道县
33%
四川省 营山县
33%
重庆市 酉阳土家族苗族自治县
33%
四川省 邛崃市
33%
云南省 陆良县
33%
广东省 龙川县
33%
云南省 蒙自市
33%
贵州省 习水县
33%
湖南省 湘阴县
33%
湖南省 张家界市
33%
四川省 隆昌市
33%
湖南省 沅江市
33%
广西壮族自治区 全州县
33%
湖南省 衡东县
33%
湖南省 慈利县
33%
湖南省 岳阳县
33%
海南省 文昌市
33%
湖南省 石门县
33%
重庆市 丰都县
33%
四川省 武胜县
33%
四川省 叙永县
33%
广东省 紫金县
33%
四川省 威远县
33%
海南省 万宁市
33%
湖南省 永兴县
33%
云南省 弥勒市
33%
广西壮族自治区 都安瑶族自治县
33%
云南省 罗平县
33%
云南省 建水县
33%
广东省 鹤山市
33%
重庆市 彭水苗族土家族自治县
33%
贵州省 都匀市
33%
贵州省 桐梓县
33%
海南省 琼海市
33%
四川省 通江县
33%
四川省 大邑县
33%
四川省 苍溪县
33%
湖北省 红安县
33%
广西壮族自治区 兴业县
33%
湖北省 安陆市
33%
海南省 澄迈县
33%
重庆市 秀山土家族苗族自治县
33%
湖南省 茶陵县
33%
广西壮族自治区 靖西市
33%
贵州省 松桃苗族自治县
33%
湖北省 大悟县
33%
河北省 易县
33%
广东省 恩平市
33%
云南省 安宁市
33%
湖北省 谷城县
33%
湖北省 应城市
33%
云南省 砚山县
33%
湖南省 龙山县
33%
湖北省 石首市
33%
湖北省 赤壁市
33%
四川省 荣县
33%
湖北省 宜城市
33%
湖北省 江陵县
33%
四川省 南江县
33%
海南省 乐东黎族自治县
33%
河北省 景县
33%
重庆市 巫山县
33%
云南省 巧家县
33%
云南省 寻甸回族彝族自治县
33%
河南省 商城县
33%
贵州省 思南县
33%
湖北省 黄冈市
33%
湖北省 南漳县
33%
广西壮族自治区 平果市
33%
浙江省 桐庐县
33%
广东省 汕尾市
33%
湖南省 江华瑶族自治县
33%
海南省 东方市
33%
黑龙江省 宾县
33%
浙江省 建德市
33%
四川省 绵竹市
33%
云南省 芒市
33%
广西壮族自治区 崇左市
33%
湖北省 云梦县
33%
广东省 阳西县
33%
湖南省 临湘市
33%
广东省 新兴县
33%
安徽省 太湖县
33%
四川省 蓬溪县
33%
贵州省 沿河土家族自治县
33%
湖北省 崇阳县
33%
湖北省 通城县
33%
四川省 江安县
33%
广西壮族自治区 灵川县
33%
海南省 临高县
33%
湖北省 老河口市
33%
四川省 西充县
33%
云南省 个旧市
33%
四川省 峨眉山市
33%
四川省 犍为县
33%
云南省 普洱市
33%
四川省 开江县
33%
贵州省 黎平县
33%
安徽省 和县
33%
湖北省 丹江口市
33%
湖南省 吉首市
33%
湖北省 枝江市
33%
广东省 广宁县
33%
四川省 什邡市
33%
四川省 万源市
33%
湖南省 洪江市
33%
云南省 鲁甸县
33%
贵州省 正安县
33%
贵州省 惠水县
33%
贵州省 瓮安县
33%
湖北省 巴东县
33%
山西省 临县
33%
贵州省 德江县
33%
湖北省 通山县
33%
四川省 会理市
33%
云南省 云县
33%
云南省 泸西县
33%
重庆市 石柱土家族自治县
33%
重庆市 巫溪县
33%
四川省 大英县
33%
云南省 凤庆县
33%
广东省 乐昌市
33%
四川省 兴文县
33%
贵州省 绥阳县
33%
云南省 禄劝彝族苗族自治县
33%
广东省 连州市
33%
湖南省 桑植县
33%
贵州省 安龙县
33%
广东省 封开县
33%
贵州省 湄潭县
33%
海南省 陵水黎族自治县
33%
广东省 郁南县
33%
湖北省 郧西县
33%
云南省 临沧市
33%
湖北省 房县
33%
广东省 阳山县
33%
云南省 禄丰市
33%
广西壮族自治区 大化瑶族自治县
33%
云南省 元阳县
33%
广东省 南雄市
33%
广东省 和平县
33%
云南省 勐海县
33%
云南省 威信县
33%
广西壮族自治区 田东县
33%
湖南省 凤凰县
33%
广西壮族自治区 钟山县
33%
广西壮族自治区 隆林各族自治县
33%
云南省 永善县
33%
广东省 东源县
33%
湖北省 宜都市
33%
四川省 会东县
33%
湖北省 竹山县
33%
福建省 永安市
33%
湖南省 汝城县
33%
贵州省 开阳县
33%
云南省 宾川县
33%
广西壮族自治区 平乐县
33%
四川省 盐源县
33%
广西壮族自治区 武宣县
33%
四川省 珙县
33%
广西壮族自治区 鹿寨县
33%
甘肃省 宁县
33%
广西壮族自治区 荔浦市
33%
四川省 筠连县
33%
广东省 德庆县
33%
云南省 金平苗族瑶族傣族自治县
33%
广西壮族自治区 昭平县
33%
四川省 旺苍县
33%
湖南省 冷水江市
33%
湖南省 蓝山县
33%
浙江省 淳安县
33%
四川省 长宁县
33%
安徽省 岳西县
33%
云南省 开远市
33%
湖南省 临武县
33%
广东省 翁源县
33%
广西壮族自治区 三江侗族自治县
33%
广西壮族自治区 宁明县
33%
广东省 龙门县
33%
湖北省 咸丰县
33%
云南省 盐津县
33%
广东省 佛冈县
33%
贵州省 从江县
33%
湖南省 麻阳苗族自治县
33%
湖北省 英山县
33%
贵州省 务川仡佬族苗族自治县
33%
贵州省 贞丰县
33%
四川省 夹江县
33%
云南省 勐腊县
33%
甘肃省 环县
33%
贵州省 凤冈县
33%
贵州省 镇宁布依族苗族自治县
33%
湖北省 秭归县
33%
贵州省 福泉市
33%
广西壮族自治区 忻城县
33%
贵州省 榕江县
33%
贵州省 石阡县
33%
贵州省 印江土家族苗族自治县
33%
贵州省 紫云苗族布依族自治县
33%
湖南省 绥宁县
33%
云南省 丽江市
33%
贵州省 修文县
33%
云南省 耿马傣族佤族自治县
33%
湖北省 嘉鱼县
33%
四川省 汉源县
33%
广东省 连平县
33%
湖北省 宣恩县
33%
海南省 定安县
33%
云南省 红河县
33%
湖北省 竹溪县
33%
湖北省 来凤县
33%
广西壮族自治区 大新县
33%
云南省 墨江哈尼族自治县
33%
陕西省 眉县
33%
四川省 井研县
33%
广西壮族自治区 天等县
33%
河南省 新县
33%
四川省 梓潼县
33%
广西壮族自治区 苍梧县
33%
广西壮族自治区 环江毛南族自治县
33%
广西壮族自治区 南丹县
33%
贵州省 天柱县
33%
广西壮族自治区 罗城仫佬族自治县
33%
四川省 华蓥市
33%
云南省 石屏县
33%
云南省 瑞丽市
33%
广西壮族自治区 富川瑶族自治县
33%
湖北省 团风县
33%
贵州省 独山县
33%
云南省 新平彝族傣族自治县
33%
江西省 芦溪县
33%
贵州省 罗甸县
33%
四川省 蒲江县
33%
海南省 屯昌县
33%
台湾省 嘉义市
33%
贵州省 贵定县
33%
广东省 陆河县
33%
云南省 洱源县
33%
贵州省 赤水市
33%
广西壮族自治区 恭城瑶族自治县
33%
四川省 屏山县
33%
贵州省 黄平县
33%
山西省 应县
33%
贵州省 道真仡佬族苗族自治县
33%
云南省 麻栗坡县
33%
贵州省 普安县
33%
湖南省 泸溪县
33%
云南省 石林彝族自治县
33%
四川省 雷波县
33%
贵州省 龙里县
33%
广西壮族自治区 巴马瑶族自治县
33%
贵州省 平塘县
33%
湖南省 中方县
33%
海南省 昌江黎族自治县
33%
广西壮族自治区 龙州县
33%
云南省 大姚县
33%
广西壮族自治区 永福县
33%
湖南省 城步苗族自治县
33%
四川省 米易县
33%
广西壮族自治区 田林县
33%
云南省 玉龙纳西族自治县
33%
贵州省 余庆县
33%
湖北省 保康县
33%
贵州省 息烽县
33%
四川省 德昌县
33%
广西壮族自治区 东兴市
33%
湖南省 津市市
33%
云南省 绿春县
33%
云南省 大关县
33%
陕西省 陇县
33%
广西壮族自治区 灌阳县
33%
云南省 西畴县
33%
贵州省 长顺县
33%
云南省 元谋县
33%
广东省 始兴县
33%
重庆市 城口县
33%
云南省 兰坪白族普米族自治县
33%
广东省 新丰县
33%
广西壮族自治区 上思县
33%
四川省 沐川县
33%
广东省 平远县
33%
贵州省 镇远县
33%
贵州省 剑河县
33%
四川省 马边彝族自治县
33%
广东省 乳源瑶族自治县
33%
云南省 香格里拉市
33%
广东省 仁化县
33%
四川省 布拖县
33%
贵州省 江口县
33%
四川省 宁南县
33%
山西省 兴县
33%
云南省 云龙县
33%
云南省 陇川县
33%
海南省 琼中黎族苗族自治县
33%
四川省 盐边县
33%
湖北省 鹤峰县
33%
四川省 北川羌族自治县
33%
云南省 澄江市
33%
广西壮族自治区 那坡县
33%
四川省 青神县
33%
湖北省 远安县
33%
云南省 双江拉祜族佤族布朗族傣族自治县
33%
海南省 白沙黎族自治县
33%
云南省 永平县
33%
广西壮族自治区 蒙山县
33%
云南省 姚安县
33%
云南省 宁洱哈尼族彝族自治县
33%
湖南省 桂东县
33%
湖南省 炎陵县
33%
云南省 沧源佤族自治县
33%
四川省 喜德县
33%
四川省 青川县
33%
海南省 保亭黎族苗族自治县
33%
湖北省 五峰土家族自治县
33%
贵州省 锦屏县
33%
贵州省 荔波县
33%
云南省 易门县
33%
贵州省 玉屏侗族自治县
33%
四川省 丹棱县
33%
云南省 维西傈僳族自治县
33%
广西壮族自治区 天峨县
33%
陕西省 富县
33%
广西壮族自治区 西林县
33%
广西壮族自治区 资源县
33%
贵州省 丹寨县
33%
甘肃省 玉门市
33%
云南省 绥江县
33%
广东省 连南瑶族自治县
33%
福建省 华安县
33%
云南省 梁河县
33%
贵州省 麻江县
33%
广西壮族自治区 金秀瑶族自治县
33%
广西壮族自治区 凭祥市
33%
四川省 平武县
33%
贵州省 施秉县
33%
贵州省 雷山县
33%
贵州省 台江县
33%
四川省 峨边彝族自治县
33%
江西省 铜鼓县
33%
四川省 石棉县
33%
海南省 五指山市
33%
四川省 石渠县
33%
湖南省 韶山市
33%
云南省 河口瑶族自治县
33%
四川省 芦山县
33%
广西壮族自治区 合山市
33%
云南省 永仁县
33%
云南省 漾濞彝族自治县
33%
山西省 蒲县
33%
广东省 连山壮族瑶族自治县
33%
四川省 德格县
33%
山西省 吉县
33%
云南省 西盟佤族自治县
33%
四川省 阿坝县
33%
山西省 古县
33%
陕西省 凤县
33%
四川省 若尔盖县
33%
四川省 甘孜县
33%
四川省 理塘县
33%
湖北省 神农架林区
33%
四川省 九寨沟县
33%
广东省 南澳县
33%
四川省 马尔康市
33%
四川省 九龙县
33%
四川省 道孚县
33%
四川省 巴塘县
33%
四川省 宝兴县
33%
四川省 红原县
33%
四川省 新龙县
33%
云南省 贡山独龙族怒族自治县
33%
四川省 理县
33%
四川省 稻城县
33%
四川省 乡城县
33%
江苏省 南京市
17%
山东省 济南市
17%
辽宁省 沈阳市
17%
山东省 青岛市
17%
黑龙江省 哈尔滨市
17%
河南省 郑州市
17%
辽宁省 大连市
17%
吉林省 长春市
17%
浙江省 宁波市
17%
山西省 太原市
17%
江苏省 常州市
17%
江苏省 无锡市
17%
台湾省 新北市
17%
新疆维吾尔自治区 乌鲁木齐市
17%
江西省 南昌市
17%
江苏省 南通市
17%
江苏省 徐州市
17%
浙江省 温州市
17%
浙江省 绍兴市
17%
江苏省 淮安市
17%
江苏省 扬州市
17%
江西省 赣州市
17%
内蒙古自治区 呼和浩特市
17%
山东省 潍坊市
17%
江苏省 盐城市
17%
福建省 莆田市
17%
江苏省 连云港市
17%
安徽省 芜湖市
17%
浙江省 台州市
17%
福建省 漳州市
17%
江西省 上饶市
17%
福建省 晋江市
17%
河南省 南阳市
17%
安徽省 六安市
17%
宁夏回族自治区 银川市
17%
浙江省 义乌市
17%
浙江省 慈溪市
17%
江苏省 江阴市
17%
安徽省 宿州市
17%
广东省 潮州市
17%
福建省 泉州市
17%
山东省 威海市
17%
江苏省 沭阳县
17%
安徽省 临泉县
17%
江苏省 宿迁市
17%
山东省 滕州市
17%
安徽省 淮南市
17%
浙江省 湖州市
17%
浙江省 瑞安市
17%
浙江省 嘉兴市
17%
福建省 南安市
17%
河南省 信阳市
17%
江苏省 泰州市
17%
浙江省 金华市
17%
江苏省 邳州市
17%
浙江省 乐清市
17%
江西省 南昌县
17%
湖南省 浏阳市
17%
浙江省 温岭市
17%
福建省 福清市
17%
山东省 曹县
17%
安徽省 太和县
17%
安徽省 蚌埠市
17%
辽宁省 抚顺市
17%
江苏省 镇江市
17%
河南省 永城市
17%
浙江省 余姚市
17%
河南省 邓州市
17%
江苏省 如皋市
17%
浙江省 诸暨市
17%
贵州省 安顺市
17%
山东省 平度市
17%
安徽省 利辛县
17%
江西省 鄱阳县
17%
安徽省 阜南县
17%
安徽省 涡阳县
17%
福建省 龙岩市
17%
江西省 九江市
17%
江苏省 兴化市
17%
江西省 宜春市
17%
浙江省 临海市
17%
湖南省 湘潭市
17%
浙江省 东阳市
17%
陕西省 汉中市
17%
浙江省 海宁市
17%
江西省 丰城市
17%
安徽省 萧县
17%
江苏省 东海县
17%
河南省 固始县
17%
江苏省 沛县
17%
安徽省 淮北市
17%
浙江省 桐乡市
17%
福建省 安溪县
17%
江苏省 泰兴市
17%
福建省 闽侯县
17%
山东省 胶州市
17%
安徽省 灵璧县
17%
江苏省 新沂市
17%
安徽省 肥西县
17%
江苏省 启东市
17%
安徽省 马鞍山市
17%
浙江省 永康市
17%
山东省 青州市
17%
湖南省 平江县
17%
四川省 安岳县
17%
安徽省 霍邱县
17%
安徽省 怀远县
17%
安徽省 濉溪县
17%
江西省 新余市
17%
山东省 巨野县
17%
江西省 于都县
17%
福建省 仙游县
17%
浙江省 衢州市
17%
广西壮族自治区 横州市
17%
江苏省 东台市
17%
安徽省 庐江县
17%
甘肃省 武威市
17%
安徽省 肥东县
17%
浙江省 舟山市
17%
江苏省 如东县
17%
江苏省 海安市
17%
浙江省 永嘉县
17%
浙江省 平阳县
17%
湖南省 涟源市
17%
江苏省 泗洪县
17%
江西省 萍乡市
17%
福建省 漳浦县
17%
浙江省 苍南县
17%
江西省 余干县
17%
安徽省 寿县
17%
湖南省 祁阳市
17%
江苏省 涟水县
17%
江苏省 泗阳县
17%
河南省 新蔡县
17%
江苏省 滨海县
17%
安徽省 无为市
17%
安徽省 安庆市
17%
湖南省 衡南县
17%
福建省 南平市
17%
云南省 会泽县
17%
江苏省 阜宁县
17%
湖南省 湘潭县
17%
河南省 鲁山县
17%
江苏省 溧阳市
17%
安徽省 长丰县
17%
安徽省 滁州市
17%
广西壮族自治区 百色市
17%
河北省 迁安市
17%
安徽省 宣城市
17%
湖南省 祁东县
17%
安徽省 砀山县
17%
江苏省 射阳县
17%
江西省 乐平市
17%
湖南省 娄底市
17%
江西省 高安市
17%
山西省 阳泉市
17%
山东省 龙口市
17%
安徽省 巢湖市
17%
江苏省 灌云县
17%
广西壮族自治区 岑溪市
17%
山东省 莱西市
17%
湖北省 浠水县
17%
湖南省 怀化市
17%
江西省 修水县
17%
江苏省 高邮市
17%
江西省 宁都县
17%
安徽省 舒城县
17%
浙江省 宁海县
17%
福建省 石狮市
17%
湖南省 双峰县
17%
湖南省 宁远县
17%
江苏省 宝应县
17%
云南省 富源县
17%
浙江省 嵊州市
17%
浙江省 长兴县
17%
安徽省 定远县
17%
浙江省 平湖市
17%
江苏省 靖江市
17%
福建省 三明市
17%
安徽省 界首市
17%
浙江省 嘉善县
17%
西藏自治区 拉萨市
17%
浙江省 玉环市
17%
江西省 吉安市
17%
福建省 连江县
17%
江苏省 句容市
17%
安徽省 凤台县
17%
安徽省 凤阳县
17%
湖南省 攸县
17%
河南省 正阳县
17%
福建省 宁德市
17%
江西省 进贤县
17%
安徽省 池州市
17%
江西省 瑞金市
17%
江西省 鹰潭市
17%
湖南省 新邵县
17%
安徽省 宿松县
17%
江苏省 灌南县
17%
福建省 福安市
17%
江苏省 建湖县
17%
江苏省 盱眙县
17%
安徽省 天长市
17%
贵州省 铜仁市
17%
河南省 临颍县
17%
安徽省 桐城市
17%
河南省 光山县
17%
浙江省 安吉县
17%
江西省 景德镇市
17%
江西省 都昌县
17%
山西省 忻州市
17%
浙江省 兰溪市
17%
新疆维吾尔自治区 哈密市
17%
浙江省 象山县
17%
浙江省 丽水市
17%
福建省 诏安县
17%
内蒙古自治区 乌海市
17%
湖南省 华容县
17%
福建省 福鼎市
17%
河南省 淮滨县
17%
浙江省 德清县
17%
河南省 鄢陵县
17%
黑龙江省 鹤岗市
17%
湖北省 京山市
17%
贵州省 金沙县
17%
河南省 嵩县
17%
山东省 泗水县
17%
江西省 贵溪市
17%
贵州省 六枝特区
17%
安徽省 黄山市
17%
江苏省 仪征市
17%
安徽省 五河县
17%
江西省 玉山县
17%
湖南省 新宁县
17%
江西省 遂川县
17%
湖南省 沅陵县
17%
浙江省 青田县
17%
云南省 彝良县
17%
安徽省 固镇县
17%
台湾省 新竹市
17%
安徽省 广德市
17%
安徽省 怀宁县
17%
安徽省 金寨县
17%
浙江省 江山市
17%
河南省 罗山县
17%
四川省 乐至县
17%
湖南省 东安县
17%
黑龙江省 七台河市
17%
江西省 万载县
17%
江西省 樟树市
17%
安徽省 明光市
17%
湖北省 孝昌县
17%
福建省 霞浦县
17%
浙江省 天台县
17%
湖北省 罗田县
17%
江西省 上栗县
17%
江西省 吉安县
17%
辽宁省 凤城市
17%
安徽省 枞阳县
17%
云南省 丘北县
17%
江西省 泰和县
17%
浙江省 龙港市
17%
山东省 乳山市
17%
浙江省 武义县
17%
安徽省 望江县
17%
四川省 蓬安县
17%
浙江省 浦江县
17%
浙江省 海盐县
17%
甘肃省 酒泉市
17%
福建省 平和县
17%
江西省 会昌县
17%
河南省 西峡县
17%
安徽省 当涂县
17%
云南省 澜沧拉祜族自治县
17%
安徽省 潜山市
17%
福建省 建瓯市
17%
浙江省 仙居县
17%
安徽省 南陵县
17%
湖南省 安乡县
17%
贵州省 兴仁市
17%
内蒙古自治区 乌兰察布市
17%
四川省 剑阁县
17%
福建省 永春县
17%
江西省 吉水县
17%
浙江省 新昌县
17%
安徽省 来安县
17%
湖南省 永顺县
17%
广西壮族自治区 融水苗族自治县
17%
湖北省 建始县
17%
福建省 云霄县
17%
云南省 嵩明县
17%
广西壮族自治区 扶绥县
17%
湖南省 辰溪县
17%
云南省 祥云县
17%
浙江省 缙云县
17%
江西省 瑞昌市
17%
黑龙江省 双鸭山市
17%
安徽省 东至县
17%
福建省 长汀县
17%
湖北省 当阳市
17%
云南省 富宁县
17%
湖北省 沙洋县
17%
安徽省 全椒县
17%
江西省 永新县
17%
河南省 温县
17%
陕西省 靖边县
17%
江西省 永丰县
17%
安徽省 宁国市
17%
江西省 铅山县
17%
福建省 平潭县
17%
云南省 宜良县
17%
广西壮族自治区 马山县
17%
浙江省 三门县
17%
云南省 师宗县
17%
福建省 上杭县
17%
贵州省 普定县
17%
湖南省 临澧县
17%
四川省 盐亭县
17%
四川省 冕宁县
17%
台湾省 基隆市
17%
安徽省 歙县
17%
浙江省 龙游县
17%
广西壮族自治区 上林县
17%
江西省 万年县
17%
甘肃省 临夏市
17%
湖南省 安仁县
17%
江西省 安远县
17%
山西省 清徐县
17%
江西省 上高县
17%
湖南省 新田县
17%
福建省 尤溪县
17%
江西省 弋阳县
17%
安徽省 含山县
17%
湖南省 衡山县
17%
福建省 德化县
17%
江西省 安福县
17%
广西壮族自治区 隆安县
17%
福建省 古田县
17%
甘肃省 临夏县
17%
江西省 武宁县
17%
云南省 昌宁县
17%
江西省 龙南市
17%
云南省 马关县
17%
新疆维吾尔自治区 吐鲁番市
17%
江西省 永修县
17%
江苏省 扬中市
17%
江西省 婺源县
17%
广西壮族自治区 柳城县
17%
甘肃省 嘉峪关市
17%
安徽省 郎溪县
17%
江西省 乐安县
17%
湖南省 芷江侗族自治县
17%
广西壮族自治区 兴安县
17%
辽宁省 义县
17%
湖北省 长阳土家族自治县
17%
福建省 南靖县
17%
云南省 景东彝族自治县
17%
四川省 越西县
17%
福建省 大田县
17%
福建省 浦城县
17%
四川省 洪雅县
17%
江西省 德兴市
17%
云南省 施甸县
17%
云南省 盈江县
17%
湖南省 会同县
17%
云南省 通海县
17%
江苏省 金湖县
17%
江西省 南城县
17%
安徽省 霍山县
17%
江西省 新干县
17%
江西省 彭泽县
17%
贵州省 关岭布依族苗族自治县
17%
江西省 石城县
17%
广西壮族自治区 象州县
17%
福建省 永泰县
17%
山西省 盂县
17%
江西省 浮梁县
17%
江西省 寻乌县
17%
福建省 武平县
17%
云南省 景谷傣族彝族自治县
17%
贵州省 三都水族自治县
17%
江西省 分宜县
17%
广西壮族自治区 阳朔县
17%
云南省 龙陵县
17%
江西省 南丰县
17%
广西壮族自治区 德保县
17%
江西省 奉新县
17%
江西省 上犹县
17%
云南省 巍山彝族回族自治县
17%
浙江省 泰顺县
17%
江西省 大余县
17%
云南省 弥渡县
17%
浙江省 常山县
17%
福建省 武夷山市
17%
浙江省 开化县
17%
福建省 闽清县
17%
福建省 罗源县
17%
山西省 祁县
17%
江西省 金溪县
17%
福建省 漳平市
17%
广西壮族自治区 融安县
17%
江西省 宜丰县
17%
江西省 安义县
17%
四川省 昭觉县
17%
江西省 万安县
17%
福建省 连城县
17%
湖南省 花垣县
17%
浙江省 龙泉市
17%
安徽省 青阳县
17%
云南省 宁蒗彝族自治县
17%
云南省 鹤庆县
17%
云南省 武定县
17%
湖南省 保靖县
17%
四川省 美姑县
17%
湖南省 江永县
17%
贵州省 望谟县
17%
贵州省 晴隆县
17%
湖南省 靖州苗族侗族自治县
17%
江西省 庐山市
17%
江西省 湖口县
17%
湖南省 新晃侗族自治县
17%
台湾省 彰化市
17%
广西壮族自治区 东兰县
17%
福建省 东山县
17%
江西省 莲花县
17%
安徽省 休宁县
17%
江西省 定南县
17%
浙江省 岱山县
17%
四川省 甘洛县
17%
台湾省 屏东市
17%
江西省 黎川县
17%
浙江省 松阳县
17%
江西省 广昌县
17%
云南省 泸水市
17%
云南省 南华县
17%
江西省 宜黄县
17%
湖南省 通道侗族自治县
17%
云南省 元江哈尼族彝族傣族自治县
17%
江西省 共青城市
17%
浙江省 遂昌县
17%
云南省 南涧彝族自治县
17%
云南省 华宁县
17%
贵州省 册亨县
17%
江西省 横峰县
17%
甘肃省 敦煌市
17%
四川省 普格县
17%
云南省 镇沅彝族哈尼族拉祜族自治县
17%
福建省 政和县
17%
福建省 顺昌县
17%
福建省 寿宁县
17%
江西省 崇义县
17%
浙江省 磐安县
17%
新疆维吾尔自治区 巩留县
17%
云南省 镇康县
17%
四川省 金阳县
17%
江西省 全南县
17%
贵州省 岑巩县
17%
甘肃省 漳县
17%
江西省 德安县
17%
贵州省 三穗县
17%
甘肃省 康县
17%
云南省 华坪县
17%
湖南省 双牌县
17%
江西省 井冈山市
17%
江西省 峡江县
17%
福建省 周宁县
17%
云南省 富民县
17%
广西壮族自治区 乐业县
17%
安徽省 祁门县
17%
云南省 孟连傣族拉祜族佤族自治县
17%
云南省 峨山彝族自治县
17%
广西壮族自治区 龙胜各族自治县
17%
安徽省 绩溪县
17%
湖北省 兴山县
17%
云南省 双柏县
17%
四川省 天全县
17%
四川省 荥经县
17%
福建省 光泽县
17%
云南省 屏边苗族自治县
17%
福建省 金门县
17%
四川省 康定市
17%
四川省 木里藏族自治县
17%
江西省 靖安县
17%
山西省 平顺县
17%
云南省 福贡县
17%
安徽省 旌德县
17%
云南省 江城哈尼族彝族自治县
17%
浙江省 景宁畲族自治县
17%
湖南省 古丈县
17%
台湾省 台东市
17%
福建省 泰宁县
17%
云南省 水富市
17%
台湾省 南投市
17%
福建省 明溪县
17%
台湾省 宜兰市
17%
江西省 资溪县
17%
福建省 柘荣县
17%
山西省 娄烦县
17%
台湾省 花莲市
17%
西藏自治区 林芝市
17%
四川省 泸定县
17%
辽宁省 抚顺县
17%
四川省 汶川县
17%
西藏自治区 山南市
17%
安徽省 石台县
17%
安徽省 黟县
17%
新疆维吾尔自治区 乌鲁木齐县
17%
四川省 松潘县
17%
浙江省 嵊泗县
17%
四川省 小金县
17%
四川省 色达县
17%
四川省 白玉县
17%
四川省 金川县
17%
云南省 德钦县
17%
四川省 雅江县
17%
四川省 丹巴县
17%
四川省 炉霍县
17%
四川省 壤塘县
17%
四川省 黑水县
17%
陕西省 黄龙县
17%
内蒙古自治区 额济纳旗
17%
西藏自治区 尼玛县
17%
青海省 乌兰县
17%
青海省 久治县
17%
四川省 得荣县
17%
西藏自治区 吉隆县
17%
西藏自治区 双湖县
17%
海南省 三沙市
17%
陕西省 西安市
0%
河北省 石家庄市
0%
河北省 邯郸市
0%
河北省 唐山市
0%
山东省 临沂市
0%
河南省 洛阳市
0%
山东省 淄博市
0%
山东省 烟台市
0%
甘肃省 兰州市
0%
河北省 保定市
0%
内蒙古自治区 包头市
0%
山东省 枣庄市
0%
山东省 菏泽市
0%
山东省 济宁市
0%
河北省 邢台市
0%
山西省 大同市
0%
山东省 聊城市
0%
青海省 西宁市
0%
吉林省 吉林市
0%
山东省 泰安市
0%
河北省 秦皇岛市
0%
陕西省 宝鸡市
0%
河南省 商丘市
0%
黑龙江省 大庆市
0%
河南省 开封市
0%
河南省 周口市
0%
山西省 长治市
0%
陕西省 咸阳市
0%
山东省 日照市
0%
辽宁省 鞍山市
0%
山东省 德州市
0%
河北省 张家口市
0%
河南省 新郑市
0%
内蒙古自治区 赤峰市
0%
山东省 东营市
0%
河南省 中牟县
0%
黑龙江省 齐齐哈尔市
0%
河南省 安阳市
0%
河南省 新乡市
0%
山东省 新泰市
0%
河南省 许昌市
0%
河南省 漯河市
0%
陕西省 榆林市
0%
山西省 晋中市
0%
甘肃省 天水市
0%
河南省 平顶山市
0%
陕西省 渭南市
0%
山东省 滨州市
0%
河南省 滑县
0%
山东省 邹城市
0%
辽宁省 盘锦市
0%
山东省 寿光市
0%
辽宁省 营口市
0%
河南省 太康县
0%
河北省 廊坊市
0%
河北省 衡水市
0%
山东省 郓城县
0%
辽宁省 锦州市
0%
河南省 禹州市
0%
山东省 兰陵县
0%
河北省 定州市
0%
河南省 焦作市
0%
河南省 唐河县
0%
山东省 诸城市
0%
辽宁省 海城市
0%
河南省 郸城县
0%
山东省 单县
0%
河南省 驻马店市
0%
河南省 上蔡县
0%
河南省 汝州市
0%
山东省 莒县
0%
河南省 项城市
0%
河南省 虞城县
0%
河南省 濮阳县
0%
山东省 沂水县
0%
河北省 三河市
0%
河南省 濮阳市
0%
河南省 商水县
0%
山西省 临汾市
0%
河南省 鹿邑县
0%
河南省 沈丘县
0%
河南省 林州市
0%
辽宁省 葫芦岛市
0%
河南省 杞县
0%
山东省 莘县
0%
黑龙江省 牡丹江市
0%
山西省 运城市
0%
内蒙古自治区 通辽市
0%
河南省 长垣市
0%
辽宁省 瓦房店市
0%
河南省 夏邑县
0%
陕西省 安康市
0%
山东省 肥城市
0%
山东省 平邑县
0%
山东省 郯城县
0%
辽宁省 辽阳市
0%
山东省 高密市
0%
河南省 方城县
0%
辽宁省 本溪市
0%
黑龙江省 佳木斯市
0%
吉林省 公主岭市
0%
新疆维吾尔自治区 莎车县
0%
河南省 辉县市
0%
安徽省 铜陵市
0%
山东省 莒南县
0%
山东省 安丘市
0%
河南省 尉氏县
0%
吉林省 榆树市
0%
河南省 镇平县
0%
河南省 新密市
0%
山东省 莱州市
0%
河南省 安阳县
0%
山东省 嘉祥县
0%
河北省 任丘市
0%
辽宁省 丹东市
0%
河北省 武安市
0%
山东省 沂南县
0%
山东省 临朐县
0%
陕西省 延安市
0%
河南省 柘城县
0%
山东省 费县
0%
河北省 魏县
0%
河北省 沧州市
0%
河北省 河间市
0%
山东省 莱阳市
0%
山东省 临清市
0%
河南省 伊川县
0%
河南省 巩义市
0%
新疆维吾尔自治区 喀什市
0%
新疆维吾尔自治区 库尔勒市
0%
新疆维吾尔自治区 伊宁市
0%
河南省 兰考县
0%
山东省 邹平市
0%
辽宁省 阜新市
0%
吉林省 农安县
0%
山东省 东明县
0%
河南省 原阳县
0%
山东省 鄄城县
0%
河南省 民权县
0%
河北省 宁晋县
0%
河北省 霸州市
0%
辽宁省 庄河市
0%
河北省 承德市
0%
河南省 叶县
0%
山东省 梁山县
0%
河南省 荥阳市
0%
河南省 登封市
0%
河南省 平舆县
0%
河南省 济源市
0%
河北省 大名县
0%
黑龙江省 五常市
0%
山东省 冠县
0%
新疆维吾尔自治区 阿克苏市
0%
山东省 荣成市
0%
吉林省 松原市
0%
山西省 朔州市
0%
辽宁省 昌图县
0%
河南省 长葛市
0%
河北省 遵化市
0%
河南省 封丘县
0%
山东省 阳谷县
0%
黑龙江省 绥化市
0%
河南省 泌阳县
0%
内蒙古自治区 鄂尔多斯市
0%
河南省 西华县
0%
山东省 汶上县
0%
山东省 东平县
0%
吉林省 延吉市
0%
河北省 高碑店市
0%
辽宁省 朝阳市
0%
黑龙江省 鸡西市
0%
河南省 内黄县
0%
河南省 鹤壁市
0%
河南省 襄城县
0%
山东省 宁阳县
0%
河北省 涿州市
0%
黑龙江省 肇东市
0%
河北省 玉田县
0%
陕西省 蒲城县
0%
河南省 武陟县
0%
宁夏回族自治区 吴忠市
0%
河南省 灵宝市
0%
河北省 黄骅市
0%
河南省 西平县
0%
陕西省 富平县
0%
山西省 洪洞县
0%
河南省 潢川县
0%
吉林省 德惠市
0%
山东省 金乡县
0%
吉林省 四平市
0%
陕西省 铜川市
0%
河南省 浚县
0%
山东省 曲阜市
0%
河南省 三门峡市
0%
山东省 微山县
0%
河南省 汝南县
0%
新疆维吾尔自治区 昌吉市
0%
辽宁省 大石桥市
0%
河南省 新野县
0%
山东省 成武县
0%
河北省 辛集市
0%
陕西省 大荔县
0%
河南省 清丰县
0%
河北省 临漳县
0%
山东省 临沭县
0%
山东省 昌乐县
0%
山东省 海阳市
0%
内蒙古自治区 巴彦淖尔市
0%
山东省 齐河县
0%
河北省 固安县
0%
河南省 宜阳县
0%
山西省 晋城市
0%
河北省 曲阳县
0%
河北省 泊头市
0%
陕西省 神木市
0%
新疆维吾尔自治区 墨玉县
0%
山东省 惠民县
0%
辽宁省 东港市
0%
河北省 献县
0%
辽宁省 新民市
0%
山东省 昌邑市
0%
河南省 宁陵县
0%
河南省 社旗县
0%
辽宁省 盖州市
0%
山东省 乐陵市
0%
陕西省 周至县
0%
河南省 扶沟县
0%
河北省 正定县
0%
河南省 内乡县
0%
甘肃省 陇南市
0%
辽宁省 绥中县
0%
辽宁省 阜新蒙古族自治县
0%
河南省 南召县
0%
河北省 文安县
0%
山东省 招远市
0%
辽宁省 凌源市
0%
河南省 通许县
0%
河南省 淅川县
0%
甘肃省 白银市
0%
吉林省 梨树县
0%
新疆维吾尔自治区 库车市
0%
山东省 商河县
0%
新疆维吾尔自治区 叶城县
0%
山东省 广饶县
0%
河北省 滦州市
0%
甘肃省 张掖市
0%
山东省 沂源县
0%
甘肃省 庆阳市
0%
河北省 定兴县
0%
吉林省 梅河口市
0%
河北省 滦南县
0%
山东省 博兴县
0%
河北省 晋州市
0%
甘肃省 甘谷县
0%
河南省 郏县
0%
河北省 唐县
0%
河北省 赵县
0%
甘肃省 平凉市
0%
新疆维吾尔自治区 和田市
0%
河北省 沙河市
0%
新疆维吾尔自治区 石河子市
0%
河南省 宝丰县
0%
陕西省 兴平市
0%
陕西省 蓝田县
0%
新疆维吾尔自治区 克拉玛依市
0%
辽宁省 兴城市
0%
山东省 桓台县
0%
河北省 蠡县
0%
山东省 禹城市
0%
河北省 昌黎县
0%
河北省 乐亭县
0%
山东省 蒙阴县
0%
内蒙古自治区 宁城县
0%
河南省 新安县
0%
山西省 临猗县
0%
河北省 深州市
0%
河北省 大城县
0%
河北省 隆尧县
0%
黑龙江省 海伦市
0%
甘肃省 临洮县
0%
河北省 雄县
0%
河北省 新乐市
0%
山西省 孝义市
0%
宁夏回族自治区 石嘴山市
0%
河南省 卫辉市
0%
河南省 南乐县
0%
吉林省 扶余市
0%
吉林省 白城市
0%
甘肃省 榆中县
0%
山东省 临邑县
0%
山东省 宁津县
0%
陕西省 商洛市
0%
宁夏回族自治区 固原市
0%
山东省 无棣县
0%
河北省 曲周县
0%
吉林省 辽源市
0%
黑龙江省 尚志市
0%
辽宁省 开原市
0%
陕西省 泾阳县
0%
辽宁省 铁岭市
0%
江苏省 响水县
0%
山东省 夏津县
0%
陕西省 乾县
0%
山西省 吕梁市
0%
辽宁省 建平县
0%
山东省 高唐县
0%
河南省 汤阴县
0%
河北省 安新县
0%
辽宁省 建昌县
0%
山西省 高平市
0%
吉林省 长岭县
0%
河北省 无极县
0%
辽宁省 黑山县
0%
山西省 平遥县
0%
内蒙古自治区 呼伦贝尔市
0%
河北省 香河县
0%
内蒙古自治区 敖汉旗
0%
河南省 范县
0%
河南省 沁阳市
0%
河南省 舞阳县
0%
吉林省 通化市
0%
吉林省 白山市
0%
河北省 故城县
0%
山东省 五莲县
0%
河南省 延津县
0%
陕西省 城固县
0%
河南省 遂平县
0%
河北省 磁县
0%
辽宁省 北票市
0%
黑龙江省 讷河市
0%
山东省 栖霞市
0%
河南省 汝阳县
0%
山西省 介休市
0%
河北省 青龙满族自治县
0%
甘肃省 陇西县
0%
甘肃省 岷县
0%
山西省 襄汾县
0%
新疆维吾尔自治区 伽师县
0%
甘肃省 礼县
0%
河北省 围场满族蒙古族自治县
0%
河北省 平山县
0%
甘肃省 定西市
0%
辽宁省 北镇市
0%
河北省 清河县
0%
山东省 阳信县
0%
黑龙江省 巴彦县
0%
山东省 鱼台县
0%
山东省 平原县
0%
甘肃省 秦安县
0%
山西省 泽州县
0%
黑龙江省 龙江县
0%
黑龙江省 富锦市
0%
山西省 原平市
0%
辽宁省 岫岩满族自治县
0%
辽宁省 凌海市
0%
河北省 蔚县
0%
河北省 盐山县
0%
山西省 汾阳市
0%
吉林省 前郭尔罗斯蒙古族自治县
0%
吉林省 舒兰市
0%
辽宁省 朝阳县
0%
青海省 大通回族土族自治县
0%
河南省 确山县
0%
甘肃省 会宁县
0%
河北省 成安县
0%
宁夏回族自治区 中卫市
0%
内蒙古自治区 科尔沁左翼中旗
0%
河北省 平泉市
0%
河南省 获嘉县
0%
河北省 南宫市
0%
山西省 永济市
0%
河北省 元氏县
0%
山西省 河津市
0%
吉林省 敦化市
0%
河南省 洛宁县
0%
河北省 永清县
0%
陕西省 韩城市
0%
河北省 涉县
0%
河北省 行唐县
0%
内蒙古自治区 奈曼旗
0%
河南省 桐柏县
0%
甘肃省 靖远县
0%
山西省 文水县
0%
辽宁省 辽阳县
0%
吉林省 磐石市
0%
新疆维吾尔自治区 巴楚县
0%
陕西省 洛南县
0%
河北省 枣强县
0%
甘肃省 静宁县
0%
河北省 迁西县
0%
陕西省 礼泉县
0%
新疆维吾尔自治区 伊宁县
0%
陕西省 岐山县
0%
甘肃省 武山县
0%
河北省 安国市
0%
山西省 万荣县
0%
甘肃省 镇原县
0%
陕西省 合阳县
0%
黑龙江省 伊春市
0%
陕西省 山阳县
0%
内蒙古自治区 准格尔旗
0%
青海省 海东市
0%
陕西省 旬阳市
0%
黑龙江省 安达市
0%
陕西省 三原县
0%
内蒙古自治区 乌兰浩特市
0%
新疆维吾尔自治区 疏勒县
0%
黑龙江省 嫩江市
0%
山西省 闻喜县
0%
河南省 新乡县
0%
辽宁省 灯塔市
0%
黑龙江省 依安县
0%
山东省 武城县
0%
甘肃省 西和县
0%
山西省 阳城县
0%
河南省 博爱县
0%
内蒙古自治区 锡林浩特市
0%
河北省 怀来县
0%
山西省 怀仁市
0%
河北省 隆化县
0%
河北省 南皮县
0%
辽宁省 喀喇沁左翼蒙古族自治县
0%
山东省 东阿县
0%
河北省 巨鹿县
0%
陕西省 洋县
0%
陕西省 勉县
0%
山西省 芮城县
0%
新疆维吾尔自治区 和田县
0%
河北省 肃宁县
0%
宁夏回族自治区 贺兰县
0%
吉林省 桦甸市
0%
辽宁省 法库县
0%
河北省 承德县
0%
河北省 东光县
0%
黑龙江省 密山市
0%
陕西省 定边县
0%
青海省 互助土族自治县
0%
云南省 永胜县
0%
甘肃省 庄浪县
0%
辽宁省 宽甸满族自治县
0%
河南省 孟州市
0%
宁夏回族自治区 中宁县
0%
内蒙古自治区 翁牛特旗
0%
河北省 卢龙县
0%
辽宁省 彰武县
0%
宁夏回族自治区 海原县
0%
吉林省 伊通满族自治县
0%
黑龙江省 宝清县
0%
黑龙江省 肇源县
0%
吉林省 蛟河市
0%
云南省 永德县
0%
内蒙古自治区 达拉特旗
0%
新疆维吾尔自治区 阿拉尔市
0%
河北省 安平县
0%
河南省 栾川县
0%
河北省 临西县
0%
青海省 民和回族土族自治县
0%
河北省 丰宁满族自治县
0%
河北省 张北县
0%
辽宁省 铁岭县
0%
河北省 平乡县
0%
甘肃省 通渭县
0%
河南省 台前县
0%
山东省 平阴县
0%
黑龙江省 宁安市
0%
宁夏回族自治区 永宁县
0%
陕西省 西乡县
0%
内蒙古自治区 科尔沁左翼后旗
0%
宁夏回族自治区 同心县
0%
河北省 高阳县
0%
内蒙古自治区 扎兰屯市
0%
山东省 庆云县
0%
吉林省 双辽市
0%
陕西省 武功县
0%
河南省 卢氏县
0%
山西省 稷山县
0%
宁夏回族自治区 西吉县
0%
河北省 涞水县
0%
内蒙古自治区 扎赉特旗
0%
内蒙古自治区 开鲁县
0%
陕西省 扶风县
0%
山东省 高青县
0%
河南省 渑池县
0%
河北省 灵寿县
0%
黑龙江省 兰西县
0%
黑龙江省 北安市
0%
河北省 馆陶县
0%
吉林省 东丰县
0%
吉林省 洮南市
0%
新疆维吾尔自治区 新源县
0%
山西省 平定县
0%
黑龙江省 肇州县
0%
陕西省 澄城县
0%
江西省 崇仁县
0%
新疆维吾尔自治区 沙湾市
0%
辽宁省 台安县
0%
陕西省 彬州市
0%
山西省 长子县
0%
河北省 鸡泽县
0%
河南省 舞钢市
0%
宁夏回族自治区 灵武市
0%
河北省 涿鹿县
0%
河北省 阜城县
0%
黑龙江省 海林市
0%
新疆维吾尔自治区 阿图什市
0%
甘肃省 东乡族自治县
0%
黑龙江省 甘南县
0%
浙江省 文成县
0%
山西省 柳林县
0%
山西省 夏县
0%
黑龙江省 青冈县
0%
新疆维吾尔自治区 洛浦县
0%
黑龙江省 桦南县
0%
黑龙江省 望奎县
0%
甘肃省 永登县
0%
内蒙古自治区 科尔沁右翼前旗
0%
山西省 新绛县
0%
黑龙江省 拜泉县
0%
吉林省 通榆县
0%
新疆维吾尔自治区 皮山县
0%
吉林省 永吉县
0%
河北省 广宗县
0%
新疆维吾尔自治区 沙雅县
0%
辽宁省 康平县
0%
甘肃省 渭源县
0%
内蒙古自治区 巴林左旗
0%
新疆维吾尔自治区 英吉沙县
0%
安徽省 泾县
0%
吉林省 柳河县
0%
宁夏回族自治区 平罗县
0%
福建省 邵武市
0%
河北省 容城县
0%
山西省 霍州市
0%
河北省 兴隆县
0%
吉林省 大安市
0%
河北省 顺平县
0%
河北省 滦平县
0%
黑龙江省 虎林市
0%
新疆维吾尔自治区 温宿县
0%
河北省 武邑县
0%
山西省 翼城县
0%
河北省 广平县
0%
新疆维吾尔自治区 图木舒克市
0%
内蒙古自治区 土默特左旗
0%
新疆维吾尔自治区 疏附县
0%
新疆维吾尔自治区 乌苏市
0%
内蒙古自治区 喀喇沁旗
0%
河南省 淇县
0%
福建省 宁化县
0%
陕西省 紫阳县
0%
甘肃省 广河县
0%
黑龙江省 庆安县
0%
甘肃省 金昌市
0%
山西省 襄垣县
0%
黑龙江省 依兰县
0%
河北省 内丘县
0%
山西省 侯马市
0%
内蒙古自治区 乌拉特前旗
0%
内蒙古自治区 阿荣旗
0%
新疆维吾尔自治区 于田县
0%
内蒙古自治区 牙克石市
0%
陕西省 宁强县
0%
甘肃省 康乐县
0%
陕西省 府谷县
0%
陕西省 绥德县
0%
黑龙江省 克山县
0%
甘肃省 宕昌县
0%
河北省 饶阳县
0%
陕西省 镇安县
0%
内蒙古自治区 扎鲁特旗
0%
河北省 井陉县
0%
山西省 繁峙县
0%
甘肃省 古浪县
0%
黑龙江省 泰来县
0%
河北省 涞源县
0%
河南省 修武县
0%
内蒙古自治区 伊金霍洛旗
0%
陕西省 丹凤县
0%
新疆维吾尔自治区 博乐市
0%
山西省 灵石县
0%
甘肃省 张家川回族自治县
0%
宁夏回族自治区 青铜峡市
0%
黑龙江省 集贤县
0%
新疆维吾尔自治区 霍城县
0%
黑龙江省 五大连池市
0%
河北省 赞皇县
0%
新疆维吾尔自治区 阿瓦提县
0%
新疆维吾尔自治区 鄯善县
0%
甘肃省 清水县
0%
河北省 宽城满族自治县
0%
内蒙古自治区 阿鲁科尔沁旗
0%
陕西省 汉阴县
0%
山西省 壶关县
0%
甘肃省 积石山保安族东乡族撒拉族自治县
0%
吉林省 珲春市
0%
辽宁省 清原满族自治县
0%
黑龙江省 林口县
0%
山东省 利津县
0%
山西省 浑源县
0%
内蒙古自治区 土默特右旗
0%
吉林省 辉南县
0%
甘肃省 庆城县
0%
河北省 望都县
0%
吉林省 抚松县
0%
山西省 五台县
0%
新疆维吾尔自治区 拜城县
0%
辽宁省 本溪满族自治县
0%
辽宁省 桓仁满族自治县
0%
新疆维吾尔自治区 奎屯市
0%
内蒙古自治区 莫力达瓦达斡尔族自治旗
0%
山西省 绛县
0%
山西省 交城县
0%
吉林省 东辽县
0%
新疆维吾尔自治区 阿克陶县
0%
黑龙江省 铁力市
0%
辽宁省 西丰县
0%
河北省 博野县
0%
内蒙古自治区 五原县
0%
新疆维吾尔自治区 麦盖提县
0%
黑龙江省 富裕县
0%
黑龙江省 黑河市
0%
陕西省 白水县
0%
辽宁省 盘山县
0%
台湾省 竹北市
0%
甘肃省 泾川县
0%
青海省 格尔木市
0%
新疆维吾尔自治区 阿勒泰市
0%
内蒙古自治区 突泉县
0%
新疆维吾尔自治区 奇台县
0%
河北省 吴桥县
0%
陕西省 子长市
0%
内蒙古自治区 杭锦后旗
0%
吉林省 镇赉县
0%
辽宁省 新宾满族自治县
0%
山西省 曲沃县
0%
河北省 深泽县
0%
新疆维吾尔自治区 泽普县
0%
山西省 灵丘县
0%
陕西省 旬邑县
0%
黑龙江省 绥棱县
0%
黑龙江省 鸡东县
0%
河北省 邱县
0%
陕西省 镇巴县
0%
山西省 古交市
0%
内蒙古自治区 科尔沁右翼中旗
0%
山西省 乡宁县
0%
黑龙江省 萝北县
0%
辽宁省 调兵山市
0%
河北省 阳原县
0%
新疆维吾尔自治区 乌什县
0%
吉林省 乾安县
0%
陕西省 华阴市
0%
山西省 平陆县
0%
山西省 陵川县
0%
甘肃省 和政县
0%
内蒙古自治区 阿拉善左旗
0%
陕西省 商南县
0%
河北省 孟村回族自治县
0%
陕西省 洛川县
0%
青海省 化隆回族自治县
0%
山西省 寿阳县
0%
河北省 临城县
0%
黑龙江省 勃利县
0%
山西省 山阴县
0%
黑龙江省 杜尔伯特蒙古族自治县
0%
甘肃省 景泰县
0%
黑龙江省 明水县
0%
河北省 赤城县
0%
山西省 垣曲县
0%
黑龙江省 穆棱市
0%
山西省 沁水县
0%
黑龙江省 东宁市
0%
内蒙古自治区 丰镇市
0%
新疆维吾尔自治区 新和县
0%
河北省 阜平县
0%
山西省 定襄县
0%
新疆维吾尔自治区 呼图壁县
0%
甘肃省 民乐县
0%
新疆维吾尔自治区 玛纳斯县
0%
山西省 阳高县
0%
黑龙江省 林甸县
0%
山西省 昔阳县
0%
甘肃省 徽县
0%
河北省 海兴县
0%
新疆维吾尔自治区 额敏县
0%
广西壮族自治区 凌云县
0%
内蒙古自治区 林西县
0%
内蒙古自治区 克什克腾旗
0%
黑龙江省 方正县
0%
黑龙江省 延寿县
0%
甘肃省 华亭市
0%
陕西省 平利县
0%
新疆维吾尔自治区 阜康市
0%
甘肃省 永靖县
0%
河北省 怀安县
0%
黑龙江省 通河县
0%
山西省 代县
0%
甘肃省 民勤县
0%
河北省 高邑县
0%
甘肃省 永昌县
0%
河北省 武强县
0%
黑龙江省 木兰县
0%
黑龙江省 同江市
0%
吉林省 通化县
0%
内蒙古自治区 鄂伦春自治旗
0%
内蒙古自治区 商都县
0%
黑龙江省 汤原县
0%
甘肃省 正宁县
0%
河北省 大厂回族自治县
0%
广西壮族自治区 凤山县
0%
吉林省 集安市
0%
吉林省 安图县
0%
河北省 柏乡县
0%
吉林省 汪清县
0%
内蒙古自治区 兴和县
0%
河北省 沽源县
0%
内蒙古自治区 托克托县
0%
陕西省 白河县
0%
内蒙古自治区 鄂托克旗
0%
新疆维吾尔自治区 岳普湖县
0%
内蒙古自治区 和林格尔县
0%
山西省 天镇县
0%
宁夏回族自治区 彭阳县
0%
云南省 剑川县
0%
陕西省 永寿县
0%
宁夏回族自治区 盐池县
0%
内蒙古自治区 乌审旗
0%
西藏自治区 日喀则市
0%
新疆维吾尔自治区 塔城市
0%
新疆维吾尔自治区 策勒县
0%
新疆维吾尔自治区 察布查尔锡伯自治县
0%
黑龙江省 克东县
0%
甘肃省 灵台县
0%
新疆维吾尔自治区 尼勒克县
0%
山西省 武乡县
0%
陕西省 志丹县
0%
内蒙古自治区 巴林右旗
0%
山西省 广灵县
0%
陕西省 石泉县
0%
新疆维吾尔自治区 吉木萨尔县
0%
内蒙古自治区 库伦旗
0%
新疆维吾尔自治区 新星市
0%
甘肃省 天祝藏族自治县
0%
内蒙古自治区 满洲里市
0%
甘肃省 山丹县
0%
山西省 沁源县
0%
云南省 牟定县
0%
新疆维吾尔自治区 特克斯县
0%
西藏自治区 昌都市
0%
陕西省 长武县
0%
山西省 岚县
0%
新疆维吾尔自治区 和静县
0%
新疆维吾尔自治区 昭苏县
0%
陕西省 吴起县
0%
黑龙江省 桦川县
0%
福建省 将乐县
0%
山西省 左权县
0%
山西省 保德县
0%
陕西省 略阳县
0%
浙江省 庆元县
0%
陕西省 淳化县
0%
陕西省 米脂县
0%
青海省 玉树市
0%
内蒙古自治区 鄂温克族自治旗
0%
新疆维吾尔自治区 五家渠市
0%
福建省 屏南县
0%
黑龙江省 绥滨县
0%
陕西省 延川县
0%
内蒙古自治区 霍林郭勒市
0%
陕西省 子洲县
0%
山西省 沁县
0%
山西省 中阳县
0%
青海省 门源回族自治县
0%
河北省 康保县
0%
陕西省 柞水县
0%
新疆维吾尔自治区 轮台县
0%
山西省 宁武县
0%
甘肃省 合水县
0%
河南省 义马市
0%
陕西省 岚皋县
0%
青海省 循化撒拉族自治县
0%
新疆维吾尔自治区 托克逊县
0%
山西省 黎城县
0%
河北省 新河县
0%
青海省 共和县
0%
福建省 松溪县
0%
黑龙江省 饶河县
0%
内蒙古自治区 四子王旗
0%
甘肃省 瓜州县
0%
吉林省 龙井市
0%
浙江省 云和县
0%
山西省 阳曲县
0%
甘肃省 临潭县
0%
陕西省 黄陵县
0%
新疆维吾尔自治区 精河县
0%
甘肃省 高台县
0%
甘肃省 舟曲县
0%
陕西省 潼关县
0%
内蒙古自治区 察哈尔右翼前旗
0%
甘肃省 皋兰县
0%
山西省 河曲县
0%
新疆维吾尔自治区 焉耆回族自治县
0%
甘肃省 金塔县
0%
山西省 和顺县
0%
吉林省 临江市
0%
甘肃省 华池县
0%
山西省 静乐县
0%
内蒙古自治区 凉城县
0%
内蒙古自治区 固阳县
0%
福建省 清流县
0%
陕西省 延长县
0%
山西省 左云县
0%
吉林省 和龙市
0%
甘肃省 临泽县
0%
陕西省 清涧县
0%
台湾省 斗六市
0%
黑龙江省 绥芬河市
0%
福建省 建宁县
0%
台湾省 员林市
0%
陕西省 佳县
0%
山西省 方山县
0%
甘肃省 合作市
0%
内蒙古自治区 乌拉特中旗
0%
陕西省 宜川县
0%
山西省 榆社县
0%
内蒙古自治区 杭锦旗
0%
青海省 湟源县
0%
宁夏回族自治区 隆德县
0%
内蒙古自治区 太仆寺旗
0%
吉林省 靖宇县
0%
台湾省 头份市
0%
青海省 贵德县
0%
新疆维吾尔自治区 铁门关市
0%
山西省 汾西县
0%
西藏自治区 那曲市
0%
河北省 尚义县
0%
内蒙古自治区 多伦县
0%
内蒙古自治区 察哈尔右翼后旗
0%
新疆维吾尔自治区 尉犁县
0%
青海省 同仁市
0%
黑龙江省 友谊县
0%
山西省 五寨县
0%
新疆维吾尔自治区 富蕴县
0%
陕西省 千阳县
0%
内蒙古自治区 西乌珠穆沁旗
0%
山西省 浮山县
0%
西藏自治区 丁青县
0%
黑龙江省 抚远市
0%
山西省 石楼县
0%
内蒙古自治区 武川县
0%
甘肃省 卓尼县
0%
山西省 交口县
0%
内蒙古自治区 化德县
0%
内蒙古自治区 东乌珠穆沁旗
0%
西藏自治区 江达县
0%
内蒙古自治区 鄂托克前旗
0%
山西省 隰县
0%
青海省 囊谦县
0%
内蒙古自治区 磴口县
0%
台湾省 苗栗市
0%
青海省 德令哈市
0%
山西省 右玉县
0%
甘肃省 夏河县
0%
内蒙古自治区 察哈尔右翼中旗
0%
内蒙古自治区 卓资县
0%
新疆维吾尔自治区 白杨市
0%
新疆维吾尔自治区 托里县
0%
吉林省 图们市
0%
宁夏回族自治区 泾源县
0%
西藏自治区 南木林县
0%
黑龙江省 南岔县
0%
新疆维吾尔自治区 哈巴河县
0%
甘肃省 崇信县
0%
黑龙江省 逊克县
0%
西藏自治区 芒康县
0%
陕西省 甘泉县
0%
内蒙古自治区 清水河县
0%
青海省 兴海县
0%
内蒙古自治区 二连浩特市
0%
山西省 神池县
0%
青海省 泽库县
0%
山西省 安泽县
0%
新疆维吾尔自治区 福海县
0%
黑龙江省 孙吴县
0%
山西省 偏关县
0%
陕西省 麟游县
0%
新疆维吾尔自治区 布尔津县
0%
西藏自治区 比如县
0%
青海省 贵南县
0%
陕西省 宜君县
0%
新疆维吾尔自治区 霍尔果斯市
0%
内蒙古自治区 根河市
0%
内蒙古自治区 正蓝旗
0%
内蒙古自治区 达尔罕茂明安联合旗
0%
新疆维吾尔自治区 可克达拉市
0%
山西省 岢岚县
0%
新疆维吾尔自治区 且末县
0%
青海省 杂多县
0%
西藏自治区 江孜县
0%
内蒙古自治区 额尔古纳市
0%
青海省 都兰县
0%
新疆维吾尔自治区 木垒哈萨克自治县
0%
辽宁省 长海县
0%
新疆维吾尔自治区 巴里坤哈萨克自治县
0%
新疆维吾尔自治区 昆玉市
0%
内蒙古自治区 苏尼特右旗
0%
黑龙江省 丰林县
0%
新疆维吾尔自治区 和布克赛尔蒙古自治县
0%
新疆维吾尔自治区 青河县
0%
新疆维吾尔自治区 乌恰县
0%
青海省 同德县
0%
陕西省 宁陕县
0%
新疆维吾尔自治区 和硕县
0%
西藏自治区 类乌齐县
0%
吉林省 长白朝鲜族自治县
0%
西藏自治区 定日县
0%
青海省 尖扎县
0%
青海省 玛沁县
0%
黑龙江省 大箐山县
0%
青海省 称多县
0%
甘肃省 玛曲县
0%
西藏自治区 察雅县
0%
黑龙江省 嘉荫县
0%
西藏自治区 拉孜县
0%
西藏自治区 巴青县
0%
西藏自治区 昂仁县
0%
台湾省 马公市
0%
新疆维吾尔自治区 双河市
0%
黑龙江省 漠河市
0%
内蒙古自治区 乌拉特后旗
0%
陕西省 吴堡县
0%
西藏自治区 贡嘎县
0%
西藏自治区 洛隆县
0%
西藏自治区 索县
0%
甘肃省 迭部县
0%
山西省 大宁县
0%
黑龙江省 塔河县
0%
新疆维吾尔自治区 裕民县
0%
新疆维吾尔自治区 柯坪县
0%
西藏自治区 林周县
0%
内蒙古自治区 陈巴尔虎旗
0%
山西省 永和县
0%
新疆维吾尔自治区 温泉县
0%
西藏自治区 墨竹工卡县
0%
西藏自治区 萨迦县
0%
青海省 祁连县
0%
新疆维吾尔自治区 博湖县
0%
西藏自治区 当雄县
0%
陕西省 镇坪县
0%
西藏自治区 左贡县
0%
西藏自治区 谢通门县
0%
西藏自治区 白朗县
0%
新疆维吾尔自治区 阿合奇县
0%
西藏自治区 八宿县
0%
新疆维吾尔自治区 若羌县
0%
内蒙古自治区 正镶白旗
0%
西藏自治区 边坝县
0%
新疆维吾尔自治区 民丰县
0%
西藏自治区 曲水县
0%
台湾省 朴子市
0%
青海省 甘德县
0%
青海省 河南蒙古族自治县
0%
青海省 刚察县
0%
青海省 达日县
0%
西藏自治区 贡觉县
0%
新疆维吾尔自治区 塔什库尔干塔吉克自治县
0%
甘肃省 两当县
0%
西藏自治区 安多县
0%
陕西省 太白县
0%
西藏自治区 班戈县
0%
西藏自治区 嘉黎县
0%
内蒙古自治区 阿巴嘎旗
0%
新疆维吾尔自治区 伊吾县
0%
内蒙古自治区 新巴尔虎右旗
0%
青海省 海晏县
0%
内蒙古自治区 新巴尔虎左旗
0%
西藏自治区 扎囊县
0%
台湾省 太保市
0%
黑龙江省 呼玛县
0%
甘肃省 碌曲县
0%
陕西省 留坝县
0%
西藏自治区 聂荣县
0%
西藏自治区 波密县
0%
青海省 治多县
0%
新疆维吾尔自治区 吉木乃县
0%
内蒙古自治区 苏尼特左旗
0%
西藏自治区 隆子县
0%
西藏自治区 仁布县
0%
黑龙江省 汤旺县
0%
青海省 曲麻莱县
0%
西藏自治区 工布江达县
0%
西藏自治区 浪卡子县
0%
内蒙古自治区 阿尔山市
0%
青海省 班玛县
0%
西藏自治区 噶尔县
0%
西藏自治区 尼木县
0%
新疆维吾尔自治区 胡杨河市
0%
西藏自治区 察隅县
0%
甘肃省 肃南裕固族自治县
0%
内蒙古自治区 镶黄旗
0%
西藏自治区 仲巴县
0%
陕西省 佛坪县
0%
西藏自治区 米林市
0%
西藏自治区 改则县
0%
西藏自治区 加查县
0%
青海省 天峻县
0%
内蒙古自治区 阿拉善右旗
0%
西藏自治区 申扎县
0%
西藏自治区 康马县
0%
新疆维吾尔自治区 北屯市
0%
西藏自治区 定结县
0%
西藏自治区 洛扎县
0%
青海省 茫崖市
0%
西藏自治区 桑日县
0%
西藏自治区 革吉县
0%
西藏自治区 朗县
0%
西藏自治区 措勤县
0%
西藏自治区 聂拉木县
0%
西藏自治区 萨嘎县
0%
西藏自治区 亚东县
0%
西藏自治区 琼结县
0%
甘肃省 肃北蒙古族自治县
0%
西藏自治区 墨脱县
0%
青海省 玛多县
0%
西藏自治区 错那市
0%
西藏自治区 曲松县
0%
西藏自治区 普兰县
0%
西藏自治区 措美县
0%
西藏自治区 岗巴县
0%
西藏自治区 日土县
0%
新疆维吾尔自治区 阿拉山口市
0%
甘肃省 阿克塞哈萨克族自治县
0%
西藏自治区 札达县
0%
新疆维吾尔自治区 和安县
0%
新疆维吾尔自治区 和康县
0%
No matching quizzes found
Score Distribution
Percent of People with Each Score
Percentile by Number Answered
Your Score History
You have not taken this quiz since the last reset